000 00488nam a2200157 i 4500
001 82420
003 ES-MaACL
005 20230906174653.0
007 t|
008 041110s1970 sp ||||1| spa d
245 0 0 _aInformación y toma de decisiones en las pequeñas y medianas empresas /
_ctraductor, Juan J. Fernández.
260 _aMadrid :
_bIbérico Europea,
_c[1970]
300 _a123 p. ;
_c21 cm.
700 1 _aFernández, Juan J.
_949392
852 _aES-MaACL
_jC-45631
_bR.73076
999 _c82420
_d82420